Ecological debt : global warming and the wealth of nations /

Bibliographic Details
Main Author: Simms, Andrew
Format: Book
Language:English
Published: London ; New York, NY : Pluto Press, 2009.
Edition:2nd ed.
Subjects:

MARC

Tag First Indicator Second Indicator Subfields
LEADER 00000cam a2200000 a 4500
001 in00002419783
005 20151110122502.0
008 071109s2009 enka b 001 0 eng c
020 |a 9780745327273 (pbk.) 
020 |a 0745327273 (pbk.) 
020 |a 9780745327280 (hbk.) 
020 |a 0745327281 (hbk.) 
029 1 |a CDX  |b 6391743 
029 1 |a CDX  |b 6423590 
029 1 |a NZ1  |b 12860932 
035 |a (OCoLC)ocn181142732 
035 |a (OCoLC)181142732 
040 |a BTCTA  |c BTCTA  |d BAKER  |d YDXCP  |d BWK  |d CDX  |d TJC  |d AGL  |d UtOrBLW 
042 |a pcc 
049 |a TXAM 
050 4 |a HC79.E5  |b S4395 2009 
070 0 |a HC79.E5  |b S4395 2009 
082 0 4 |a 333  |2 22 
100 1 |a Simms, Andrew. 
245 1 0 |a Ecological debt :  |b global warming and the wealth of nations /  |c Andrew Simms. 
246 3 0 |a Global warming and the wealth of nations 
250 |a 2nd ed. 
264 1 |a London ;  |a New York, NY :  |b Pluto Press,  |c 2009. 
300 |a xiv, 318 pages :  |b illustrations ;  |c 20 cm. 
336 |a text  |b txt  |2 rdacontent 
337 |a unmediated  |b n  |2 rdamedia 
338 |a volume  |b nc  |2 rdacarrier 
504 |a Includes bibliographical references (pages 278-303) and index. 
505 0 |a A short walk to Venus -- The chemist's warning : a short history of global warming -- The heaven bursters : Tuvalu and the fate of nations -- The great reversal of human progress -- Ecological debt -- The carbon debt -- Rationalising self-destruction (or why people are more stupid than frogs) -- The car park at the end of the world -- Pay back time : the law, climate change and ecological debt -- Data for the doubtful : the lessons of war economies -- The new adjustment -- Minerva's owl -- In the footsteps of Stanley -- Tick tock climate clock -- The ducks' choice -- How to live on an island. 
650 0 |a Environmental economics. 
650 0 |a Environmental protection  |x Citizen participation. 
650 0 |a Consumption (Economics)  |x Environmental aspects. 
650 0 |a Global warming. 
650 0 |a Environmental justice. 
938 |a Baker and Taylor  |b BTCP  |n BK0007517586 
938 |a Baker & Taylor  |b BKTY  |c 24.95  |d 18.71  |i 0745327273  |n 0007517585  |s active 
938 |a Blackwell Book Service UK  |b BBUK  |n L4811745  |c 14.99 
938 |a Coutts Information Services  |b COUT  |n 6391743 
938 |a YBP Library Services  |b YANK  |n 2734023 
945 |a PromptCat  |b 720196 
946 |a stk 
947 |a A14840103722 
994 |a 92  |b TXA 
948 |a cataloged  |b h  |d 2009/6/11  |h c  |e asalazar  |f 3:58:36 pm 
999 |a MARS 
999 f f |s 4761f303-5d28-31a2-80e1-4c7ac392727b  |i 5bb98b9d-d68c-3c7e-a63d-721f656cc9ba  |t 0 
952 f f |p normal  |a Texas A&M University  |b College Station  |c Sterling C. Evans Library  |d Evans: Library Stacks  |t 0  |e HC79.E5 S4395 2009  |h Library of Congress classification  |i unmediated -- volume  |m A14840103722 
998 f f |a HC79.E5 S4395 2009  |t 0  |l Evans: Library Stacks